Akútny atak SARS=u na Čínu
Vznik a vývoj epidémie SARS v Číne. Vplyv na ekonomiku. Negatívne dôsledky sa najrýchlejšie prejavili v turistike.
Na minha lista:
| Autor principal: | |
|---|---|
| Formato: | Capítulo de Livro |
| Idioma: | eslovaco |
| Assuntos: | |
| Tags: |
Sem tags, seja o primeiro a adicionar uma tag!
|
MARC
| LEADER | 00000naa a2200000 4500 | ||
|---|---|---|---|
| 001 | r048904 | ||
| 005 | 20230920090649.7 | ||
| 041 | 0 | |a slo | |
| 044 | |a SK | ||
| 245 | 1 | 0 | |a Akútny atak SARS=u na Čínu |c Michal Štrba |
| 520 | |a Vznik a vývoj epidémie SARS v Číne. Vplyv na ekonomiku. Negatívne dôsledky sa najrýchlejšie prejavili v turistike. | ||
| 610 | 2 | 0 | |a chorobnosť |
| 610 | 2 | 0 | |a zdravotníctvo |
| 610 | 2 | 0 | |a ekonómia |
| 610 | 2 | 0 | |a Čína |
| 100 | 1 | |a Štrba, Michal | |